| 000 | 00719nam a22002057a 4500 | ||
|---|---|---|---|
| 999 |
_c20275 _d20275 |
||
| 003 | AR-CdUCM | ||
| 008 | 190528b ||||| |||| 00| 0 spa d | ||
| 040 |
_aMUNICIPALIDAD PROVINCIAL DEL CUSCO _cBIBLIOTECA MUNICIPAL DEL CUSCO |
||
| 082 |
_a869.26 / _bR77 |
||
| 100 |
_aRojas, Ricardo _912413 |
||
| 245 | _aEl pensamiento vivo de Sarmiento / | ||
| 260 |
_aBuenos Aires : _bLosada, _c1941. |
||
| 300 |
_a254 páginas ; _c18 cm. |
||
| 505 | _aContenido : Entre dos mundos -- Civilización y barbarie -- Conflicto de las razas... | ||
| 650 |
_aEsquema de la civilización _942372 |
||
| 650 |
_aEspíritu religioso _942373 |
||
| 650 |
_aViejos imperios y nuevas colonias _942374 |
||
| 942 |
_2ddc _cLIBROS |
||
| 945 | _aandy | ||